000 00933cam a2200265 a 4500
001 14636741
005 20180820045005.0
008 061116s2007 caua bf 001 0 eng
010 _a 2006037961
020 _a9780787982669 (cloth)
020 _a0787982660 (cloth)
035 _a(OCoLC)ocm76416580
035 _a(OCoLC)76416580
040 _aDLC
_cDLC
_dBAKER
_dBTCTA
_dC#P
_dYDXCP
_dDLC
041 _aeng
080 _a658.4036
082 0 0 _a658.4036
_222
100 1 _a54
101 _aLID
245 1 0 _aFacilitator's guide to participatory decision-making /
_cSam Kaner with Lenny Lind ... [et al.] ; foreword by Michael Doyle.
504 _aIncludes bibliographical references (p. 315-318) and index.
906 _a7
_bcbc
_corignew
_d1
_eecip
_f20
_gy-gencatlg
942 _2ddc
_cBK
999 _c47225
_d47225